Movies Quiz

Random Movies or Animal Quiz

Which Disney Animal? Quiz Stats

 Plays Quiz Updated Aug 17, 2016

Also try: Disney Animals
Challenge
Share
Tweet
Score 0/20 Timer 06:00
6 Plays Today
% Correct
a) Officer McHorn from 'Zootopia'
93.3%
b) Flower from 'Bambi'
92.5%
a) Shere Khan from 'The Jungle Book'
92.4%
c) Sven from 'Frozen'
92.2%
c) King Richard from 'Robin Hood'
91%
c) Kala from 'Tarzan'
87.5%
a) Khan from 'Mulan'
86.3%
c) Honest John from 'Pinocchio'
85.2%
b) Djali from 'The Hunchback of Notre Dame'
84%
a) Winifred from 'The Jungle Book'
81.5%
% Correct
a) Lucky Jack from 'Home on the Range'
80.9%
c) Thomas O'Malley from 'The Aristocats'
79.7%
a) Archimedes from 'The Sword in the Stone'
75.2%
b) Unnamed kangaroo from 'Bedknobs and Broomsticks'
66.3%
c) Girl squirrel from 'The Sword in the Stone'
57.2%
b) Unnamed wolf from 'Make Mine Music'
49.6%
b) Sergeant Tibbs from 'One Hundred and One Dalmatians'
47.4%
b) Mr. Busy from 'Lady and the Tramp'
45.8%
b) Roquefort from 'The Aristocats'
37.8%
a) Jacchus from 'Fantasia'
28.9%

You're not logged in!

Compare scores with friends on all Sporcle quizzes.
Join for Free
OR
Log In

You Might Also Like...

Show Comments

Extras

Top Quizzes Today


Score Distribution

Your Account Isn't Verified!

In order to create a playlist on Sporcle, you need to verify the email address you used during registration. Go to your Sporcle Settings to finish the process.

Report this User

Report this user for behavior that violates our Community Guidelines.

Details: